Psychotherapy in Practice: (Record no. 34)

MARC details
000 -LEADER
fixed length control field 00883cam a2200289 a 4500
001 - CONTROL NUMBER
control field 4994870
003 - CONTROL NUMBER IDENTIFIER
control field OSt
005 - DATE AND TIME OF LATEST TRANSACTION
control field 20161115185841.0
008 - FIXED-LENGTH DATA ELEMENTS--GENERAL INFORMATION
fixed length control field 990219s2000 enk 001 0 eng c
010 ## - LIBRARY OF CONGRESS CONTROL NUMBER
LC control number 99022362
020 ## - INTERNATIONAL STANDARD BOOK NUMBER
International Standard Book Number 0750630027
040 ## - CATALOGING SOURCE
Original cataloging agency DNLM/DLC
Transcribing agency DLC
Modifying agency DLC
050 00 - LIBRARY OF CONGRESS CALL NUMBER
Classification number RC480.5
Item number .S673 2000
060 10 - NATIONAL LIBRARY OF MEDICINE CALL NUMBER
Classification number WM 100
Item number S819p 1999
082 00 - DEWEY DECIMAL CLASSIFICATION NUMBER
Classification number WM420 S34p 2000
Edition number 21
100 1# - MAIN ENTRY--PERSONAL NAME
Personal name Stein, Samuel M.; Jennifer Stein.
9 (RLIN) 110
245 10 - TITLE STATEMENT
Title Psychotherapy in Practice:
Remainder of title A life in the mind
260 ## - PUBLICATION, DISTRIBUTION, ETC. (IMPRINT)
Place of publication, distribution, etc. Oxford ;
Name of publisher, distributor, etc. Butterworth-Heinemann,
Date of publication, distribution, etc. 2000.
300 ## - PHYSICAL DESCRIPTION
Extent x, 358 p. ;
Dimensions 24 cm.
504 ## - BIBLIOGRAPHY, ETC. NOTE
Bibliography, etc Includes index.
650 #0 - SUBJECT ADDED ENTRY--TOPICAL TERM
Topical term or geographic name as entry element Psychotherapists
9 (RLIN) 111
650 #0 - SUBJECT ADDED ENTRY--TOPICAL TERM
Topical term or geographic name as entry element Psychiatry
9 (RLIN) 112
856 42 - ELECTRONIC LOCATION AND ACCESS
Materials specified Publisher description
Uniform Resource Identifier http://www.loc.gov/catdir/enhancements/fy0640/99022362-d.html
906 ## - LOCAL DATA ELEMENT F, LDF (RLIN)
a 7
b cbc
c orignew
d 1
e ocip
f 19
g y-gencatlg
942 ## - ADDED ENTRY ELEMENTS (KOHA)
Source of classification or shelving scheme Other/Generic Classification Scheme
Koha item type Open Shelf
Holdings
Withdrawn status Lost status Source of classification or shelving scheme Damaged status Not for loan Home library Current library Date acquired Source of acquisition Inventory number Total Checkouts Full call number Barcode Date last seen Koha item type
    Other/Generic Classification Scheme     MUST Main Library MUST Main Library 30/06/2014   05/23159   WM420 S34p 2000 2014-0045 30/06/2014 Open Shelf
    Other/Generic Classification Scheme     MUST Main Library MUST Main Library 25/03/2015   05/23160   WM420 S34p 2000 2015-0616 25/03/2015 Short Loan